000 00788nam a22002537a 4500
001 BR9505737
003 BR-BrBNA
005 20230928094638.0
007 ta
008 230509b bl.||||| |||| 00| 0 por d
040 _aBR-BrBNA
_bpor
_cBiblioteca Nacional de Agricultura
041 _a(Por)
072 _aP01; P40
090 _ P01 BR9505737
110 1 _aNucleo de Monitoramento Ambiental e de Recursos Naturais por Satelite, Campinas, SP (Brasil)
_97675
245 1 _aMonitoramento ambiental da Amazonia - Subsistema Monitoramento da Ocupacao Territorial - Relatorio Final
260 3 _aCampinas, SP (Brasil):
_c1993.
300 _a53 p.
500 _a6 illus.
650 _aMeio Ambiente
650 _aMeteorologia
909 _a202309
_bLucia
_c55
_dLucia Elande
942 _cBK
999 _c51847
_d51847